Využitie digitálneho modelu reliéfu a digitálneho modelu povrchu v pozemkových úpravách
Enregistré dans:
| Auteur principal: | |
|---|---|
| Autres auteurs: | |
| Format: | Manuscrit Livre |
| Langue: | slovaque |
| Publié: |
2024
|
| Sujets: | |
| Accès en ligne: | http://is.stuba.sk/zp/portal_zp.pl?podrobnosti=175997 https://opac.crzp.sk/?fn=detailBiblioForm&sid=24A0BAF10DE628094370E851EC40 |
| Tags: |
Pas de tags, Soyez le premier à ajouter un tag!
|
MARC
| LEADER | 00000ntm a22000003a 4500 | ||
|---|---|---|---|
| 001 | stuzp97992 | ||
| 003 | SK-STU | ||
| 005 | 20240919142941.0 | ||
| 007 | ta | ||
| 008 | 150427s2015----xo-----f-mn---000-0-slo-d | ||
| 040 | |a STU |b slo | ||
| 041 | 0 | |a slo | |
| 100 | 1 | |a Glut, Jozef |u 010140 |4 aut |U SvF Stavebná fakulta |T SvF Katedra geodézie |X 103584 |U V140 |Y 14 |7 103584 | |
| 242 | 0 | 1 | |a Utilization of digital elevation model and digital surface model in land consolidation |y eng |
| 245 | 1 | 0 | |a Využitie digitálneho modelu reliéfu a digitálneho modelu povrchu v pozemkových úpravách |
| 260 | |c 2024 | ||
| 650 | 4 | |a SfM |2 slo | |
| 650 | 4 | |a DMP |2 slo | |
| 650 | 4 | |a DMR |2 slo | |
| 650 | 4 | |a pozemkové úpravy |2 slo | |
| 650 | 4 | |a LIDAR |2 slo | |
| 650 | 4 | |a fotogrametria |2 slo | |
| 650 | 4 | |a photogrammetry |2 eng | |
| 650 | 4 | |a SfM |2 eng | |
| 650 | 4 | |a DSM |2 eng | |
| 650 | 4 | |a DEM |2 eng | |
| 650 | 4 | |a land consolidation |2 eng | |
| 650 | 4 | |a LIDAR |2 eng | |
| 700 | 1 | |a Geisse, Robert |u 010140 |k Z8 |4 ths |U SvF Stavebná fakulta |T SvF Katedra geodézie |X 886 |U V140 |Y 14 |7 A000000886 | |
| 856 | 4 | |u http://is.stuba.sk/zp/portal_zp.pl?podrobnosti=175997 | |
| 856 | 4 | |u https://opac.crzp.sk/?fn=detailBiblioForm&sid=24A0BAF10DE628094370E851EC40 | |